Proceso contencioso del Convento de San Agustín de la ciudad de Segovia contra Doña Mariana de la Peña, sobre bienes hereditarios de sus hijos

Detalles Bibliográficos
Otros Autores: Mariana de la Peña, Gaspar Maldonado
Formato: Libro
Publicado: Segovia, s.f.
Materias:
Colección:Banco de datos
Acervo:Biblioteca Palafoxiana. Colección de Manuscritos
Descripción Física:2 f. ; 21 x 29 cm.
Tema general:Eclesiástica
LEADER 00523nam a22001570004500
035 |a 1496 
245 1 0 |a Proceso contencioso del Convento de San Agustín de la ciudad de Segovia contra Doña Mariana de la Peña, sobre bienes hereditarios de sus hijos 
260 |a Segovia, s.f. 
300 |a 2 f. ; 21 x 29 cm. 
650 1 0 |a Eclesiástica 
700 1 |a Mariana de la Peña 
700 1 |a Gaspar Maldonado 
949 |a 32280/251 
942 |c PALAMANU 
943 |g Biblioteca Palafoxiana. Colección de Manuscritos 
999 |c 1069441  |d 1069441